| 000 | 01281cam a22002295a 4500 | ||
|---|---|---|---|
| 001 | L139303 | ||
| 008 | 070725s2007 xxkd f 000 0 eng d | ||
| 035 | _a(Sirsi) u139303 | ||
| 041 | 0 | _aeng | |
| 050 | 0 | 4 | _a306.1 $2 18 |
| 110 | 2 | _aHousing Corporation | |
| 245 | 0 | 0 |
_aDelivering affordable housing _bmeeting the challenges of growth and efficiency _h[electronic resource] |
| 260 |
_aLondon _bThe Housing Corporation _c2007 |
||
| 520 | _aSets out the Housing Corporation's aims of helping to provide 47 000 new homes during 2007-08 in the context of statistics since 2004-05. Describes changes in the Corporation?s investment model. Outlines the levels of partnership with the public and private sectors, and with housing associations. Identifies some future targets, including opportunities to own homes using the Open Market HomeBuy product. Lists housing investment partners for the 2008-11 period. | ||
| 590 | _aKA | ||
| 650 | 2 | 4 |
_aAffordable housing _96215 |
| 651 | 4 |
_aUnited Kingdom _y |
|
| 690 | _aPROPERTY-RESIDENTIAL PROPERTY-RESIDENTIAL PROPERTY DEVELOPMENT | ||
| 710 | 2 |
_aThe National Affordable Homes Agency _95289 |
|
| 856 | 4 | 0 |
_uhttps://www.housingcorp.gov.uk/server/show/ConWebDoc.11536 _zView the item free of charge at www.housingcorp.gov.uk... |
| 942 | _n0 | ||
| 999 |
_c107291 _d107291 |
||